000 00339nam a2200133Ia 4500
005 20251222144628.0
008 251222s9999||||xx |||||||||||||| ||spa||
020 _a84-8196-052-7
082 _a372.86/M63
100 _aMiranda Viñuelas, Julián
245 0 _aLa Recreación y la Animación Deportiva:
264 _bAmarú
942 _cLIB
999 _c16186
_d16186